Panduan Microsoft Excel

Bibliographic Details
Format: Book
Published: Selangor : Buku Must , 2004
Series:Siri celik komputer
Subjects:

MARC

LEADER 00000cam a2200000 7i4500
001 0000007357
005 20160330.0
008 070829
020 |a 9838473022 
090 0 0 |a 005.369   |b JAM 
245 0 0 |a Panduan Microsoft Excel   |c Jamaluddin Othman 
260 |a Selangor :   |b Buku Must ,   |c 2004 
440 |a Siri celik komputer 
500 |a Teenager ages 13-18 years old (blue) 
650 0 |a Business   |x Computer programs 
650 0 |a Electronic spreadsheets 
999 |a 0000990116   |b Book   |c Teenagers   |e Perbadanan Perpustakaan Awam Johor 
999 |a 0000990118   |b Book   |c Teenagers   |e Perbadanan Perpustakaan Awam Johor